De ginecologia i d'obstetrícia, n'hauríem de parlar (Registre núm. 62822)

MARC details
000 -LEADER
campo de control de longitud fija 01468aam a2200445a 44500
008 - DATOS DE LONGITUD FIJA--INFORMACIÓN GENERAL
campo de control de longitud fija 040213s2002 cat
017 ## - NÚMERO DE COPYRIGHT O DE DEPÓSITO LEGAL
Número de copyright o de depósito legal B-46380-2002
020 ## - NÚMERO INTERNACIONAL ESTÁNDAR DEL LIBRO
Número Internacional Estándar del Libro 8439359845
041 ## - CÓDIGO DE IDIOMA
Código de lengua del texto/banda sonora o título independiente cat
041 ## - CÓDIGO DE IDIOMA
Llengües tractades eng
041 ## - CÓDIGO DE IDIOMA
Llengües tractades spa
080 ## - NÚMERO DE LA CLASIFICACIÓN DECIMAL UNIVERSAL
Número de la Clasificación Decimal Universal 618.1(038)
100 ## - ENTRADA PRINCIPAL--NOMBRE DE PERSONA
Nombre de persona Ramis i Coris, J.
9 (RLIN) 60839
245 ## - MENCIÓN DEL TÍTULO
Título De ginecologia i d'obstetrícia, n'hauríem de parlar
245 ## - MENCIÓN DEL TÍTULO
Mención de responsabilidad, etc. Joaquim Ramis i Coris
245 ## - MENCIÓN DEL TÍTULO
Mención de responsabilidad, etc. Oriol Casassas
260 ## - PUBLICACIÓN, DISTRIBUCIÓN, ETC.
Lugar de publicación, distribución, etc. Barcelona
260 ## - PUBLICACIÓN, DISTRIBUCIÓN, ETC.
Nombre del editor, distribuidor, etc. Generalitat de Catalunya. Departament de Sanitat i Seguretat Social
260 ## - PUBLICACIÓN, DISTRIBUCIÓN, ETC.
Fecha de publicación, distribución, etc. 2002
300 ## - DESCRIPCIÓN FÍSICA
Extensión 77 p.
Dimensiones 21 cm.
490 ## - MENCIÓN DE SERIE
Mención de serie Reculls Lexicogràfics Berenguer Sarriera;
Designación de volumen o secuencia 13
500 ## - NOTA GENERAL
Nota general Apèndix anglès-català
500 ## - NOTA GENERAL
Nota general Vocabulari castellà-català
520 ## - RESUMEN, ETC.
Nombre de termes aprox. 250
591 ## - Codi de font
Codi de font 8490
592 ## - Tipus obra
Tipus d'obra Obra terminològica
593 ## - Codi CGAT
Codi de la CGAT EH
594 ## - Número de document
Número de document 8490
650 ## - PUNTO DE ACCESO ADICIONAL DE MATERIA--TÉRMINO DE MATERIA
Término de materia o nombre geográfico como elemento de entrada ginecologia
9 (RLIN) 64643
650 ## - PUNTO DE ACCESO ADICIONAL DE MATERIA--TÉRMINO DE MATERIA
Término de materia o nombre geográfico como elemento de entrada obstetrícia
9 (RLIN) 63620
700 ## - ENTRADA AGREGADA--NOMBRE PERSONAL
Nombre de persona Casassas, O.
9 (RLIN) 60838
830 ## - PUNTO DE ACCESO ADICIONAL DE SERIE-TÍTULO UNIFORME
Título uniforme Reculls Lexicogràfics Berenguer Sarriera;
Designación de volumen o secuencia 13
9 (RLIN) 60840
856 ## - LOCALIZACIÓN Y ACCESO ELECTRÓNICOS
Identificador Uniforme de Recursos <a href="https://canalsalut.gencat.cat/web/.content/_Professionals/Recursos/altres_recursos_interes/serveis_linguistics/diccionaris_terminologia/altres_recursos_terminologics/colleccio_reculls_lexicografics/documents/arxius/rele13.pdf">https://canalsalut.gencat.cat/web/.content/_Professionals/Recursos/altres_recursos_interes/serveis_linguistics/diccionaris_terminologia/altres_recursos_terminologics/colleccio_reculls_lexicografics/documents/arxius/rele13.pdf</a>
901 ## - ELEMENTOS DE DATOS A LOCAL LDA (RLIN)
c <2002>
902 ## - ELEMENTOS DE DATOS B LOCAL, LDB (RLIN)
a 040213
942 ## - ELEMENTOS DE ENTRADA SECUNDARIOS (KOHA)
Tipo de ítem Koha Monografia
Suprimir en OPAC No
Fuente del sistema de clasificación o colocación Clasificación Decimal Dewey
Fons
Estatus retirado Estado de pérdida Estado de daño No para préstamo Biblioteca de origen Biblioteca actual Fecha de adquisición Total de préstamos Signatura topográfica completa Código de barras Visto por última vez Precio de reemplazo Tipo de ítem Koha Fuente del sistema de clasificación o colocación Identificador Uniforme de Recursos
        TERMCAT TERMCAT 13/02/2004   EH 20 11897 30/09/2021 30/09/2021 MO    
        TERMCAT TERMCAT 13/02/2004   Biblioteca electrònica P_68338 13/10/2022 13/10/2022 MO ddc https://canalsalut.gencat.cat/web/.content/_Professionals/Recursos/altres_recursos_interes/serveis_linguistics/diccionaris_terminologia/altres_recursos_terminologics/colleccio_reculls_lexicografics/documents/arxius/rele13.pdf